Регионална библиотека "Любен Каравелов" - Русе

Tu radio Slavik (Запис номер 129973)

MARC детайли
000 -Лидер
Контролно поле с фиксирана дължина 01438nam a2200349 c 4500
003 - Код на организацията, давaща контролен номер
Контролно поле BLK
005 - Дата и час на последна редакция
Контролно поле 20210201124425.0
008 - Елементи от данни с фиксирана дължина
fixed length control field 180409b bul|||||r ||||||| ||bul||
010 ## - Наследен системен номер
LC control number KNG00135718000
040 ## - Източник на каталожния запис
Идентификатор на билиотеката - собственик на записа BLK
041 ## - Код за език
Код за езика на текст/звукозапис или на отделно заглавие Словашки
Код за езика КДБФ Други славянски езици
080 ## - УДК
Текстов определител УДК Българска литература
УДК код - определител по УДК 821.163.2
УДК определител -93-1
УДК - код + определител 821.163.2-93-1
100 1# - Редна дума - Автор
Автор Bosev, Asen Ivanov
Авторска отговорност първи автор
R(LIN) 5785
139 ## - Редно поле
Редна дума Bosev, Asen Ivanov
Авторски знак Bos - B 79
245 10 - Сведения за заглавието
Заглавие Tu radio Slavik
Редно поле (дума) Asen Ivanov Bosev; прев. Viera Prokesova; ил. Kostsdinka Miladinova; * Асен Иванов Босев; * Костадинка Василева Миладинова; * Вера Прокешова.
257 ## - Страна на издаване
Страна на създаване/издаване България
260 ## - Област на издателските данни
Име на издателя, разпространителя и проч. Bulg. Chudoznik
Година на издаване 1982
Място на издаване, разпространение и проч. Sofia
300 ## - Физическа характеристика
Страници 16 с.
Илюстрации и др. с ил.
Размери/Мащаб 32 см
380 ## - Жанр
Жанр Детска худож. лит.
500 ## - Общи забележки
Забележка Ориг. загл. Тук радио Славей. - 10 080 тир.
653 ## - Ключова дума – ненормативна
Ключова дума стихотворения за деца
700 1# - Други автори (авторска отговорност)
Лично име Prokesova, Viera
Автороска отговорност (Описва отношението между автора и произведението) прев.
9 (RLIN) 321944
700 1# - Други автори (авторска отговорност)
Лично име Miladinova, Kostsdinka
Автороска отговорност (Описва отношението между автора и произведението) ил.
9 (RLIN) 321945
700 1# - Други автори (авторска отговорност)
Лично име Босев, Асен Иванов
Автороска отговорност (Описва отношението между автора и произведението) *
9 (RLIN) 363513
700 1# - Други автори (авторска отговорност)
Лично име Миладинова, Костадинка Василева
Автороска отговорност (Описва отношението между автора и произведението) *
9 (RLIN) 378063
700 1# - Други автори (авторска отговорност)
Лично име Прокешова, Вера
Автороска отговорност (Описва отношението между автора и произведението) *
9 (RLIN) 113150
852 ## - Местоположение
Форматна сигнатура Цб ІІ 17198
856 4# - Електронен адрес и достъп
Електронен формат pdf - файл
856 4# - Електронен адрес и достъп
Електронен формат pdf - файл
999 ## - СИСТЕМНИ КОНТРОЛНИ НОМЕРА
Koha biblionumber 129973
Koha biblioitemnumber 129973
942 ## - АРТИКУЛИ
Вид на библиотечния материал Книги
Скрит в OPAC Не
Периодичен библиозапис Да
944 ## - СЪЗДАВАНЕ И РЕДАКЦИЯ на ЗАПИСА
Създаване/Редакция Създаване
Дата на регистрацията/редакция 31.10.2012
Статус, дата на статуса 31.10.2012 - от С1,Р / 31.10.2012
Служител, извършил регистрацията/редакцията Елица_Владова
944 ## - СЪЗДАВАНЕ И РЕДАКЦИЯ на ЗАПИСА
Създаване/Редакция Редакция
Дата на регистрацията/редакция 31.10.2012
Статус, дата на статуса 31.10.2012 - от С1,Р / 31.10.2012
999 ## - СИСТЕМНИ КОНТРОЛНИ НОМЕРА
Koha biblioitemnumber 129973
Наличности
Код за отписване Код за изгубен артикул Източник на класификационната схема Код за повреда Коз за рестрикции Код за отдаване Артикулен № Име на библиотеката - собственик Име на библиотеката, в която се намира в момента Статус (Текущо местоположение) Дата на вписване в системата Местоположение - отдел Цена в лева Инвентарен номер Систематично азбучна сигнатура Баркод Номер на екземпляра Цена в евро Служебна бележка Служебен тип на артикула
  Не е изгубен Universal Decimal Classification Не е повреден без рестрикции ползва се в читалня 211356 Регионална библиотека "Любен Каравелов" Русе Регионална библиотека "Любен Каравелов" Русе Хранилище 1982-01-01 Основен фонд - ползва се само за читалня 0.20 347669 Цб ІІ 17198 120000347669 1 0.10 N: стар фонд Дата: 01.01.1982 Книги
Vip Innovations Ltd, Rousse, Bulgaria 2025